Arms control (Record no. 373161)

MARC details
000 -LEADER
fixed length control field 00569nam a2200193Ia 4500
008 - FIXED-LENGTH DATA ELEMENTS--GENERAL INFORMATION
fixed length control field 191130s2010##################000#0#eng##
020 ## - INTERNATIONAL STANDARD BOOK NUMBER
ISBN 9788171393688
082 ## - DEWEY DECIMAL CLASSIFICATION NUMBER
Classification number 327.174 PAT
245 ## - TITLE STATEMENT
Title Arms control
Statement of responsibility, etc V. T.Patil
260 ## - PUBLICATION, DISTRIBUTION, ETC. (IMPRINT)
Place of publication New Delhi
Name of publisher Jnanada Prakashan
Year of publication c2010
300 ## - PHYSICAL DESCRIPTION
Number of Pages vii, 525 p. : ill. ; 23 cm
500 ## - GENERAL NOTE
General note Includes bibliographical refferences (p. [513]-519) and index
650 ## - SUBJECT ADDED ENTRY--TOPICAL TERM
Topical Term Arms control
Topical Term curity, International
991 ## -
-- 136552
Holdings
Withdrawn status Lost status Damaged status Not for loan Home library Current library Shelving location Date acquired Full call number Accession Number Price effective from Koha item type
        Anna Centenary Library Anna Centenary Library 3RD FLOOR, B WING 17.10.2020 327.174 PAT 535270 17.10.2020 English Books

Find us on the map